| 000 | 00525cam a22001815i 4500 | ||
|---|---|---|---|
| 999 |
_c14289 _d14289 |
||
| 005 | 20260406165748.0 | ||
| 008 | 230802s2017 ii 000 0 eng | ||
| 010 | _a 2023341661 | ||
| 020 | _a9789352887316 | ||
| 025 | _aI-E-2023341661; 17-91 | ||
| 035 | _a23256132 | ||
| 037 | _bLibrary of Congress -- New Delhi Overseas Office | ||
| 040 |
_aDLC _beng _erda _cDLC |
||
| 042 | _alcode | ||
| 245 | 0 | 4 |
_aThe Delhi High Court : _bmaking of the new courts block / _cGoonmeet Singh Chauhan. |
| 300 | _a219 pages | ||
| 942 | _2ddc | ||